| 000 | 00348pab a2200145 454500 | ||
|---|---|---|---|
| 008 | 180718b2015 xxu||||| |||| 00| 0 eng d | ||
| 100 | _aRao, Vidya | ||
| 245 | _aWhen voices are muffled | ||
| 260 | _c2015 | ||
| 300 | _ap.13-14. | ||
| 362 | _a31 Oct | ||
| 650 | _aFreedom of speech | ||
| 773 | _aEconomic and Political Weekly | ||
| 909 | _a109673 | ||
| 999 |
_c109668 _d109668 |
||